000 00995cab a2200241 4500
001 WB3240-45
008 090401t1996 xxu||||| |||| 00| 0 eng d
035 _a(Sirsi) u34102
041 _aeng
245 _aLandlord and tenant - subletting
260 _c1996
350 _a0
490 _aEstates Gazette Case Summaries
_v[1996] EGCS 153 (1) (19/10/96)
520 _a"Straudley Investments Ltd v Mount Eden Land Ltd" CA 7 October 1996. A landlord is in breach of his duty under the Landlord and Tenant Act 1988, in demanding that income from a sublease be placed in a deposit account held in the joint names of the landlord and tenant.
650 _aINTERNATIONAL DRILLING FLUIDS LTD V LOUISVILLE INVESTMENTS (UXBRIDGE) LTD
650 _aLANDLORD AND TENANT ACT 1988
650 _aSTRAUDLEY INVESTMENTS LTD V MOUNT EDEN LAND LTD
650 _aSUBLETTING
650 _aUNDERLEASE
690 _aLANDLORD AND TENANT-CASE LAW-BUSINESS TENANCIES
942 _n0
948 _c04/03/1997
999 _c22632
_d22632